000 00694nam a2200205 a 4500
001 000048988
005 20251127113946.0
008 190712s2005 dr r 001 0 spa d
040 _aDO-SdBNP
_bspa
_cBNPHU
082 _a344.729301
_bA345g, 2005
100 1 _aAlburquerque, Rafael
_97243
245 1 0 _aGuía de los derechos de los trabajadores. /
_cRafael Alburquerque.
250 _a9a ed.
260 _aSanto Domingo :
_bSecretaría de Estado de Trabajo,
_c2005.
300 _av, 113 p. ;
_c18 cm.
590 _aInventariado, 2019/BT
650 4 _aReglamentos de trabajo
_zRepública Dominicana
_910030
650 0 _aDerecho laboral
_x
_976950
650 0 _aDerecho de los empleados
_976421
999 _c48476
_d48476